书目信息 |
| 题名: |
世界各国学制资料汇编
|
|
| 作者: | 张树森 编译 | |
| 分册: | ||
| 出版信息: | 北京工业大学工业教育研究室出版 |
|
| 页数: | 75页 | |
| 开本: | 26cm | |
| 丛书名: | ||
| 单 册: | ||
| 中图分类: | G512 | |
| 科图分类: | ||
| 主题词: | 教育事业--世界 | |
| 电子资源: | ||
| ISBN: | ||
| 000 | 00528nam0 2200181 450 | |
| 001 | 0634821875 | |
| 005 | 20060721094220.15 | |
| 010 | @dCNY0.50 | |
| 100 | @a20060721d km y0chiy0120 ea | |
| 101 | 0 | @achi |
| 200 | 1 | @a世界各国学制资料汇编@Ashi jie ge guo xue zhi zi liao hui bian@f张树森编译@Fzhang shu sen bian yi |
| 210 | @c北京工业大学工业教育研究室出版 | |
| 215 | @a75页@d26cm | |
| 606 | 0 | @a教育事业@x世界 |
| 690 | @aG512@v3 | |
| 701 | 0 | @a张树森@Azhang shu sen@4编译 |
| 801 | 0 | @aCN@bPFT@c20060721 |
| 905 | @a10447@dG512@e41 | |
| 世界各国学制资料汇编/张树森编译.-北京工业大学工业教育研究室出版 |
| 75页;26cm |
| ISBN :CNY0.50 |
| ● |
| 相关链接 |
|
|
|
|
正题名:世界各国学制资料汇编
索取号:G512/41
 
预约/预借
| 序号 | 登录号 | 条形码 | 馆藏地/架位号 | 状态 | 备注 |
| 1 | 0425217 | 204252174 | 密集书库/ [索取号:G512/41] | 在馆 | |
| 2 | 0425218 | 204252183 | 密集书库/ [索取号:G512/41] | 在馆 | |
| 3 | 0425219 | 204252192 | 密集书库/ [索取号:G512/41] | 在馆 | |
| 4 | 0425223 | 204252236 | 密集书库/ [索取号:G512/41] | 在馆 | |
| 5 | 0425224 | 204252245 | 密集书库/ [索取号:G512/41] | 在馆 |